[Event "FRA-chT U20 1112"]
[Site "France"]
[Date "2011.12.04"]
[Round "2.5"]
[White "Trouve, Guillaume"]
[Black "Beneteau Desmoulieres, Mael"]
[Result "1-0"]
[WhiteElo "1677"]
[BlackElo "1470"]
[PlyCount "65"]
[EventDate "2011.12.03"]
[EventType "team-swiss"]
[EventRounds "7"]
[EventCountry "FRA"]
[SourceTitle "EXT 2013"]
[Source "ChessBase"]
[SourceDate "2012.11.22"]
[SourceVersion "1"]
[SourceVersionDate "2012.11.22"]
[SourceQuality "1"]

1. e4 c5 2. Nf3 Nc6 3. d4 cxd4 4. Nxd4 g6 5. c4 Bg7 6. Be3 Nf6 7. Nc3 Ng4 8. Qxg4 Nxd4 9. Qd1 e5 10. Qd2 d6 11. Bd3 Bh3 12. f3 0-0 13. 0-0 Be6 14. Nd5 a6 15. f4 f5 16. fxe5 dxe5 17. Bg5 Qd7 18. Nb6 Qc6 19. Nxa8 Rxa8 20. Rfe1 Qc5 21. Be3 f4 22. Bf2 Rd8 23. b4 Qc7 24. Bxd4 Rxd4 25. Qc2 Bxc4 26. Bxc4+ Rxc4 27. Qb3 Kh8 28. Rad1 Bf6 29. a3 Qb6+ 30. Kh1 Rd4 31. Rxd4 Qxd4 32. Qf7 Bg7 33. Qe8+ 1-0

[Event "FRA-chT U20 0809"]
[Site "Sautron"]
[Date "2009.01.03"]
[Round "5.8"]
[White "Ariza, Thomas"]
[Black "Beneteau Desmoulieres, Mael"]
[Result "1-0"]
[WhiteElo "1190"]
[BlackElo "1110"]
[PlyCount "47"]
[EventDate "2008.10.??"]
[EventType "team-tourn"]
[EventRounds "11"]
[EventCountry "FRA"]
[SourceTitle "EXT 2010"]
[Source "ChessBase"]
[SourceDate "2010.11.25"]
[SourceVersion "1"]
[SourceVersionDate "2010.11.25"]
[SourceQuality "1"]

1. e4 d5 2. d3 e5 3. Nc3 Nf6 4. exd5 Nxd5 5. Bd2 Bc5 6. Qf3 Be6 7. g3 Nc6 8. Bh3 0-0 9. 0-0-0 Bb4 10. Bxe6 fxe6 11. Qg4 Qd6 12. Bh6 Rf7 13. Nxd5 Qxd5 14. Ne2 Qg2 15. Rdf1 g6 16. h4 Rd8 17. h5 Nd4 18. hxg6 Rdd7 19. gxh7+ Kh8 20. Qg6 Nxe2+ 21. Kb1 Rd8 22. Bg5 Rg7 23. Bf6 Rdd7 24. Qe8+ 1-0

[Event "FRA-chT U20 0809"]
[Site "Sautron"]
[Date "2009.01.03"]
[Round "6.10"]
[White "Bellahcene, Anissa"]
[Black "Beneteau Desmoulieres, Mael"]
[Result "1-0"]
[WhiteElo "1340"]
[BlackElo "1180"]
[PlyCount "47"]
[EventDate "2008.10.??"]
[EventType "team-tourn"]
[EventRounds "11"]
[EventCountry "FRA"]
[SourceTitle "EXT 2010"]
[Source "ChessBase"]
[SourceDate "2010.11.25"]
[SourceVersion "1"]
[SourceVersionDate "2010.11.25"]
[SourceQuality "1"]

1. e4 e5 2. Nf3 Nc6 3. d4 exd4 4. Nxd4 Bc5 5. Be3 Nf6 6. Nxc6 bxc6 7. Bxc5 Nxe4 8. Qe2 Qh4 9. Nc3 d5 10. g3 Qf6 11. Nxe4 dxe4 12. Qxe4+ Be6 13. Qxc6+ Bd7 14. Qxa8+ Qd8 15. Qxd8+ Kxd8 16. 0-0-0 a5 17. Bh3 Re8 18. Rxd7+ Kc8 19. Re7+ Kd8 20. Rxe8+ Kxe8 21. Re1+ Kd8 22. Re7 f6 23. Rxg7 h6 24. Rg8# 1-0